[Event "Chess24 Banter Blitz Cup"]
[Site "chess24.com INT"]
[Date "2019.11.09"]
[Round "1.9"]
[White "Christiansen, Johan-Sebastian"]
[Black "Bachmann, Axel"]
[Result "0-1"]
[WhiteTitle "GM"]
[BlackTitle "GM"]
[WhiteElo "2558"]
[BlackElo "2629"]
[WhiteFideId "1512668"]
[BlackFideId "3700488"]
[EventDate "2019.09.25"]
[EventType "blitz"]

1. e4 g6 2. h4 h5 3. d4 Bg7 4. Nc3 d6 5. Be3 c6 6. Qd2 Nd7 7. O-O-O b5 8. Kb1
Qa5 9. f3 Nb6 10. a3 Nc4 11. Bxc4 bxc4 12. Nce2 Qa6 13. Nh3 Rb8 14. Qc3 Nf6 15.
Ka1 Nd7 16. Bd2 Nb6 17. Qa5 c3 18. Qxa6 cxb2+ 19. Kxb2 Bxa6 20. Nhf4 Nc4+ 21.
Kc1 Nxa3 22. Bc3 Bh6 23. g3 Bxe2 24. Rde1 Bxf3 25. Rhf1 Rb1+ 26. Kd2 Rxe1 27.
Rxe1 O-O 28. Kd3 Rb8 29. Ra1 Nb5 30. Bd2 d5 31. exd5 cxd5 32. Ra5 Be4+ 33. Ke3
f6 34. Kf2 e5 35. Nxd5 Bxd2 36. Nxf6+ Kf7 37. Ra6 Bb7 38. Ra2 Kxf6 39. c4 Nc3
40. Ra3 exd4 41. g4 Be3+ 42. Kg3 Ne2+ 43. Kh3 Nf4+ 44. Kg3 Ne2+ 45. Kh3 hxg4+
46. Kxg4 Ke5 47. Ra5+ Ke4 48. Rc5 Bc8+ 49. Rf5 Bxf5# 0-1

[Event "Chess24 Banter Blitz Cup"]
[Site "chess24.com INT"]
[Date "2019.11.09"]
[Round "1.10"]
[White "Bachmann, Axel"]
[Black "Christiansen, Johan-Sebastian"]
[Result "0-1"]
[WhiteTitle "GM"]
[BlackTitle "GM"]
[WhiteElo "2629"]
[BlackElo "2558"]
[WhiteFideId "3700488"]
[BlackFideId "1512668"]
[EventDate "2019.09.25"]
[EventType "blitz"]

1. Nf3 e6 2. c4 d5 3. e3 Ne7 4. b3 a5 5. Nc3 g6 6. Bb2 Bg7 7. Qc2 O-O 8. h4 h6
9. Rc1 Na6 10. a3 c6 11. d4 Re8 12. Bd3 b6 13. Ne5 Nc7 14. h5 g5 15. Ne2 a4 16.
bxa4 Bd7 17. cxd5 exd5 18. Ng3 c5 19. Nxd7 Qxd7 20. dxc5 Bxb2 21. Qxb2 bxc5 22.
Rxc5 Ne6 23. Rc1 d4 24. O-O Qxa4 25. Bb1 Qxa3 26. Qc2 Nf8 27. exd4 Rad8 28. Rfe1
Nd5 29. Nf5 Qa6 30. Ba2 Nf4 31. Qc7 Rd7 32. Qc4 Qxc4 33. Bxc4 Rxe1+ 34. Rxe1
N8e6 35. Nxh6+ Kf8 36. d5 Nxd5 37. Bxd5 Rxd5 38. Ng4 Rd4 39. f3 Rd2 40. h6 Kg8
41. Ra1 Kh7 42. Ra7 Kg6 43. Ra6 Rd1+ 44. Kh2 Rd2 45. Ra7 Nf4 46. Ne5+ Kf5 47.
Nxf7 Rxg2+ 48. Kh1 Rc2 49. h7 Rc1+ 50. Kh2 Rc2+ 51. Kh1 Rc1+ 52. Kh2 Ng6 53. Ra6
Rc2+ 54. Kg3 g4 0-1

[Event "Chess24 Banter Blitz Cup"]
[Site "chess24.com INT"]
[Date "2019.11.09"]
[Round "1.11"]
[White "Christiansen, Johan-Sebastian"]
[Black "Bachmann, Axel"]
[Result "0-1"]
[WhiteTitle "GM"]
[BlackTitle "GM"]
[WhiteElo "2558"]
[BlackElo "2629"]
[WhiteFideId "1512668"]
[BlackFideId "3700488"]
[EventDate "2019.09.25"]
[EventType "blitz"]

1. e4 g6 2. d4 Bg7 3. Nc3 d6 4. f4 Nf6 5. Nf3 O-O 6. e5 dxe5 7. fxe5 Nd5 8. Bc4
Be6 9. Bxd5 Bxd5 10. Nxd5 Qxd5 11. Qe2 b5 12. a4 b4 13. Qb5 Qe4+ 14. Qe2 Qxe2+
15. Kxe2 c5 16. d5 Nd7 17. Bf4 Nb6 18. Rhd1 Rad8 19. d6 exd6 20. a5 Nc4 21. exd6
Bxb2 22. Rab1 Rfe8+ 23. Kf2 Bc3 24. Rd5 Rd7 25. Rbd1 Rc8 26. h4 Rc6 27. h5 Kg7
28. h6+ Kf8 29. a6 Rxa6 30. Rxc5 Nxd6 31. Kg1 Ne4 32. Rxd7 Nxc5 33. Rd8+ Ke7 34.
Rc8 Ne6 35. Be3 Ra1+ 36. Kh2 Ra2 37. Ra8 a5 38. Ra7+ Kf6 39. Kg3 g5 40. Nh2 Kg6
41. Ng4 a4 42. Bd2 Bxd2 43. Ne5+ Kf5 44. Nxf7 Bf4+ 45. Kf3 g4+ 46. Ke2 Rxc2+ 47.
Kd3 Rc3+ 48. Ke2 Nd4+ 49. Ke1 Rc1+ 50. Kf2 g3# 0-1

[Event "Chess24 Banter Blitz Cup"]
[Site "chess24.com INT"]
[Date "2019.11.09"]
[Round "1.12"]
[White "Bachmann, Axel"]
[Black "Christiansen, Johan-Sebastian"]
[Result "0-1"]
[WhiteTitle "GM"]
[BlackTitle "GM"]
[WhiteElo "2629"]
[BlackElo "2558"]
[WhiteFideId "3700488"]
[BlackFideId "1512668"]
[EventDate "2019.09.25"]
[EventType "blitz"]

1. e4 e6 2. d4 d5 3. Nc3 Nf6 4. e5 Nfd7 5. Nce2 c5 6. c3 Nc6 7. Nf3 Be7 8. a3
Qa5 9. h4 b6 10. Nf4 Ba6 11. Bd2 Bxf1 12. Kxf1 Qb5+ 13. Kg1 c4 14. Rh3 Na5 15.
Rb1 Nb3 16. Be3 O-O-O 17. Ng5 Rdf8 18. Nh5 h6 19. Nf3 g6 20. Nf4 g5 21. hxg5
hxg5 22. Rxh8 Rxh8 23. Ne2 g4 24. Nh2 Nf8 25. Nxg4 Ng6 26. Ng3 Qe8 27. Qf3 Nh4
28. Qe2 Qg8 29. f3 Qg6 30. Rd1 Qg8 31. Kf2 Ng6 32. Rh1 Bh4 33. Qd1 Ne7 34. Nf6
Qxg3+ 35. Kf1 Bxf6 0-1

[Event "Chess24 Banter Blitz Cup"]
[Site "chess24.com INT"]
[Date "2019.11.09"]
[Round "1.13"]
[White "Christiansen, Johan-Sebastian"]
[Black "Bachmann, Axel"]
[Result "0-1"]
[WhiteTitle "GM"]
[BlackTitle "GM"]
[WhiteElo "2558"]
[BlackElo "2629"]
[WhiteFideId "1512668"]
[BlackFideId "3700488"]
[EventDate "2019.09.25"]
[EventType "blitz"]

1. Nf3 g6 2. c4 Bg7 3. g3 e5 4. Nc3 c5 5. Bg2 Nc6 6. a3 a5 7. O-O d6 8. Ne1 Be6
9. d3 Nge7 10. Nc2 d5 11. cxd5 Nxd5 12. Ne3 Nde7 13. Nc4 O-O 14. Bg5 f6 15. Be3
b6 16. Qb3 Rb8 17. Qa4 Nd4 18. Bxd4 exd4 19. Nb5 Qd7 20. Qb3 Rfe8 21. a4 Nc6 22.
Rfe1 Nb4 23. Rad1 Bf7 24. e3 dxe3 25. fxe3 f5 26. Nc3 Re6 27. Ne2 Rxe3 28. Nf4
Rxe1+ 29. Rxe1 Re8 30. Qd1 Rxe1+ 31. Qxe1 Nxd3 32. Nxd3 Qxd3 33. Nxb6 Bxb2 34.
Kh1 Kg7 35. h4 Bc3 36. Qe7 Qxg3 37. Nd7 Qe1+ 38. Qxe1 Bxe1 39. Nxc5 Bxh4 40. Bc6
Be7 41. Nb7 Bb4 42. Nd8 Kf6 43. Bf3 Bb3 44. Nc6 Bxa4 45. Nd4 Bd7 46. Nc2 Bc5 47.
Kg2 a4 48. Bd5 a3 49. Na1 Be6 50. Bxe6 Kxe6 51. Kf3 Kd5 52. Ke2 Kc4 53. Kd2 Bb4+
54. Kc2 h5 55. Nb3 h4 56. Nc1 h3 57. Ne2 h2 0-1

[Event "Chess24 Banter Blitz Cup"]
[Site "chess24.com INT"]
[Date "2019.11.09"]
[Round "1.14"]
[White "Bachmann, Axel"]
[Black "Christiansen, Johan-Sebastian"]
[Result "0-1"]
[WhiteTitle "GM"]
[BlackTitle "GM"]
[WhiteElo "2629"]
[BlackElo "2558"]
[WhiteFideId "3700488"]
[BlackFideId "1512668"]
[EventDate "2019.09.25"]
[EventType "blitz"]

1. Nf3 c5 2. c4 Nc6 3. Nc3 g6 4. e3 Nf6 5. d4 cxd4 6. exd4 d5 7. cxd5 Nxd5 8.
Qb3 e6 9. Bb5 Bg7 10. O-O O-O 11. Rd1 Nce7 12. Bg5 h6 13. Bh4 a6 14. Bf1 Qd6 15.
Rac1 Nf5 16. Bg3 Nxg3 17. hxg3 Bd7 18. Ne4 Qb4 19. Qxb4 Nxb4 20. a3 Nd5 21. Ne5
Ba4 22. Re1 b6 23. Nd6 Rad8 24. Ndc4 Rb8 25. b3 Bxb3 26. Nd7 Bxd4 27. Nxf8 Kxf8
28. Rb1 Bc2 29. Rbc1 Ba4 30. Ne5 Bb2 31. Rc4 Bb5 32. Rb4 Nxb4 33. Bxb5 Bxe5 34.
axb4 Bc3 35. Rc1 axb5 36. Rxc3 Ra8 37. Rc6 Ra4 38. Rxb6 Rxb4 39. f4 Rb3 0-1

[Event "Chess24 Banter Blitz Cup"]
[Site "chess24.com INT"]
[Date "2019.11.09"]
[Round "1.15"]
[White "Christiansen, Johan-Sebastian"]
[Black "Bachmann, Axel"]
[Result "1-0"]
[WhiteTitle "GM"]
[BlackTitle "GM"]
[WhiteElo "2558"]
[BlackElo "2629"]
[WhiteFideId "1512668"]
[BlackFideId "3700488"]
[EventDate "2019.09.25"]
[EventType "blitz"]

1. Nf3 d5 2. d4 Nf6 3. c4 dxc4 4. Nc3 e6 5. e4 a6 6. e5 Nd5 7. Bxc4 Nxc3 8. bxc3
b5 9. Bd3 Bb7 10. Ng5 Be7 11. Qh5 Bxg5 12. Bxg5 Qd5 13. f3 c5 14. Be4 Qd7 15.
Bxb7 Qxb7 16. Rd1 cxd4 17. Rxd4 Nc6 18. Rd6 Nxe5 19. Rxe6+ 1-0

[Event "Chess24 Banter Blitz Cup"]
[Site "chess24.com INT"]
[Date "2019.11.04"]
[Round "1.1"]
[White "Henderson de La Fuente, Lance"]
[Black "Lagarde, Maxime"]
[Result "0-1"]
[WhiteTitle "IM"]
[BlackTitle "GM"]
[WhiteElo "2494"]
[BlackElo "2657"]
[WhiteFideId "32096585"]
[BlackFideId "662399"]
[EventDate "2019.09.25"]
[EventType "blitz"]

1. e4 Nc6 2. Nf3 d6 3. d4 Nf6 4. Nc3 g6 5. Bc4 Bg7 6. O-O O-O 7. Re1 Bg4 8. Be3
Nd7 9. Be2 e5 10. dxe5 Bxf3 11. Bxf3 dxe5 12. Be2 Nd4 13. Bc4 Nb6 14. Bb3 c6 15.
Ne2 Qe7 16. c3 Ne6 17. a4 Nd7 18. f3 Rad8 19. Qc2 Ndc5 20. Rad1 a5 21. Bc4 h5
22. Nc1 h4 23. Nd3 Nxd3 24. Rxd3 Nf4 25. Rxd8 Rxd8 26. Bxf4 Qc5+ 27. Be3 Qxc4
28. Rd1 Rxd1+ 29. Qxd1 Bf8 30. h3 Bc5 31. Bxc5 Qxc5+ 32. Kh2 Qf2 33. Qd8+ Kg7
34. Qe7 Qg3+ 35. Kg1 Qf4 36. Qxb7 Qe3+ 37. Kh2 Qf4+ 38. Kg1 Qc1+ 39. Kh2 Qe1 40.
Qb6 Qg3+ 41. Kg1 Qf4 42. Qf2 Qc1+ 43. Kh2 Qf4+ 44. g3 hxg3+ 45. Qxg3 Qd2+ 46.
Qg2 Qe3 47. Qg3 Qe2+ 48. Qg2 Qd1 49. Qg3 Qc2+ 50. Qg2 Qc1 51. Kg3 Qf4+ 52. Kf2
Qd2+ 53. Kg1 Qc1+ 54. Kh2 Qf4+ 55. Qg3 Qd2+ 56. Qg2 Qc1 57. Qg3 Qxb2+ 58. Qg2
Qxc3 59. h4 Qe3 60. h5 Qf4+ 61. Kg1 Qe3+ 62. Kh2 Qh6 63. Kg1 Qxh5 64. Qb2 Qg5+ 0-1

[Event "Chess24 Banter Blitz Cup"]
[Site "chess24.com INT"]
[Date "2019.11.04"]
[Round "1.2"]
[White "Lagarde, Maxime"]
[Black "Henderson de La Fuente, Lance"]
[Result "0-1"]
[WhiteTitle "GM"]
[BlackTitle "IM"]
[WhiteElo "2657"]
[BlackElo "2494"]
[WhiteFideId "662399"]
[BlackFideId "32096585"]
[EventDate "2019.09.25"]
[EventType "blitz"]

1. b3 g6 2. Bb2 Nf6 3. Bxf6 exf6 4. c4 Bg7 5. Nc3 O-O 6. e3 f5 7. Nge2 d6 8. g3
Nd7 9. Bg2 Nf6 10. O-O h5 11. h4 Ng4 12. f4 c6 13. b4 Bd7 14. Rb1 Bf6 15. b5
Bxh4 16. gxh4 Qxh4 17. Rf3 Rfe8 18. Qe1 Qf6 19. a4 Kg7 20. a5 Rab8 21. Qc1 h4
22. Qb2 Kg8 23. bxc6 bxc6 24. Qxb8 Rxb8 25. Rxb8+ Kg7 26. Rb7 Be6 27. Rxa7 Bxc4
28. Rc7 c5 29. Bf1 Qd8 30. Rc6 Qxa5 31. Rxd6 Qa1 32. d3 Ba6 33. e4 fxe4 34. dxe4
Bxe2 35. Nxe2 Nf6 36. Nc3 Nh5 37. Rd1 Qb2 38. f5 g5 39. f6+ Kh6 40. e5 g4 41.
Re3 g3 42. Re2 Qxc3 43. e6 Nf4 44. Re4 Qf3 45. Rd2 h3 46. exf7 h2+ 47. Rxh2+
gxh2+ 48. Kxh2 Qf2+ 49. Kh1 Qxf1+ 50. Kh2 Qg2# 0-1

[Event "Chess24 Banter Blitz Cup"]
[Site "chess24.com INT"]
[Date "2019.11.04"]
[Round "1.3"]
[White "Henderson de La Fuente, Lance"]
[Black "Lagarde, Maxime"]
[Result "1/2-1/2"]
[WhiteTitle "IM"]
[BlackTitle "GM"]
[WhiteElo "2494"]
[BlackElo "2657"]
[WhiteFideId "32096585"]
[BlackFideId "662399"]
[EventDate "2019.09.25"]
[EventType "blitz"]

1. e4 Nc6 2. Nf3 d6 3. d4 Nf6 4. Nc3 g6 5. Bc4 Bg7 6. O-O O-O 7. Re1 Bg4 8. Be3
Nd7 9. Be2 e5 10. dxe5 Bxf3 11. Bxf3 dxe5 12. Be2 Nd4 13. Bc4 Nb6 14. Bb3 a5 15.
a4 Qh4 16. Bxd4 exd4 17. Nd5 Nxd5 18. Bxd5 c6 19. Bb3 Kh8 20. Qd3 Rae8 21. g3
Qh3 22. Re2 g5 23. Rae1 Re5 24. f4 gxf4 25. gxf4 Rh5 26. Qxh3 Rxh3 27. Kg2 Rh4
28. Kg3 Bf6 29. e5 Be7 30. Kf3 f5 31. Rg2 Rh3+ 32. Rg3 Rxg3+ 33. hxg3 Rd8 34.
Ke2 Bb4 35. Rh1 Kg7 36. Rh5 Rf8 37. Rg5+ Kh6 38. g4 fxg4 39. Rxg4 Kh5 40. Rg5+
Kh4 41. Rg7 Rxf4 42. Rxh7+ Kg5 43. Rxb7 Kf5 44. e6 Ke5 45. Kd3 Rf3+ 46. Kc4 Re3
47. e7 Kd6 48. Kxd4 Rxe7 49. Rxe7 Kxe7 50. c3 Bd6 51. Bc4 Kd7 52. b3 Kc7 53. Bd3
Kb6 54. Kc4 Bf8 55. Be4 Bg7 56. b4 Bf6 57. bxa5+ Kxa5 58. Bxc6 Kb6 59. Bb5 Ka5
60. Kb3 Be5 61. c4 Bd6 62. Kc3 Bc5 63. Kd3 Kb6 64. Ke4 Bb4 65. Kd5 Bc5 66. a5+
Kxa5 67. Kxc5 1/2-1/2

[Event "Chess24 Banter Blitz Cup"]
[Site "chess24.com INT"]
[Date "2019.11.04"]
[Round "1.4"]
[White "Lagarde, Maxime"]
[Black "Henderson de La Fuente, Lance"]
[Result "1-0"]
[WhiteTitle "GM"]
[BlackTitle "IM"]
[WhiteElo "2657"]
[BlackElo "2494"]
[WhiteFideId "662399"]
[BlackFideId "32096585"]
[EventDate "2019.09.25"]
[EventType "blitz"]

1. d4 Nf6 2. c4 e6 3. Nc3 Bb4 4. f3 d5 5. a3 Bxc3+ 6. bxc3 O-O 7. cxd5 Nxd5 8.
e4 Nf6 9. Bd3 c5 10. e5 Nd5 11. f4 Nxc3 12. Qc2 cxd4 13. Bxh7+ Kh8 14. Bd3 Nd7
15. Nf3 Nc5 16. O-O b6 17. Bb2 Bb7 18. Ng5 f5 19. Qf2 Kg8 20. Qh4 1-0

[Event "Chess24 Banter Blitz Cup"]
[Site "chess24.com INT"]
[Date "2019.11.04"]
[Round "1.5"]
[White "Henderson de La Fuente, Lance"]
[Black "Lagarde, Maxime"]
[Result "0-1"]
[WhiteTitle "IM"]
[BlackTitle "GM"]
[WhiteElo "2494"]
[BlackElo "2657"]
[WhiteFideId "32096585"]
[BlackFideId "662399"]
[EventDate "2019.09.25"]
[EventType "blitz"]

1. e4 g6 2. d4 Bg7 3. Nf3 d6 4. Bc4 a6 5. O-O e6 6. Bb3 Ne7 7. c3 Nd7 8. Re1 h6
9. Nbd2 b6 10. Nf1 Bb7 11. Ng3 Nf6 12. e5 Nd7 13. exd6 cxd6 14. Ne4 Bxe4 15.
Rxe4 d5 16. Re1 O-O 17. Bf4 b5 18. Qd2 g5 19. Bg3 Ng6 20. Bc2 Qf6 21. Ne5 Ndxe5
22. Bxe5 Nxe5 23. dxe5 Qf4 24. Qd3 Rfc8 25. g3 Qc4 26. Kg2 Rab8 27. a3 d4 28.
Qh7+ Kf8 29. Rad1 dxc3 30. bxc3 Qxc3 31. Be4 Rc7 32. Rd6 Qxe5 33. Red1 Ke7 34.
Bf3 Rh8 35. Qd3 Bf6 36. a4 bxa4 37. Qxa6 Kf8 38. Qb6 Re7 39. Rd8+ Kg7 40. Rxh8
Kxh8 41. Qd8+ Kg7 42. Qb6 Qc7 43. Qb4 Qa7 44. Qa3 Rc7 45. Rd3 Qc5 46. h4 Qxa3
47. Rxa3 Ra7 48. Bd1 Be7 49. Rxa4 Rxa4 50. Bxa4 gxh4 51. Bc2 hxg3 52. Bd3 Bd6
53. f3 f5 54. Be4 Kf6 55. Bd3 e5 56. Be2 f4 57. Bf1 Kg5 58. Bd3 h5 59. Be4 h4
60. Kh3 Bc5 61. Bd3 Bd4 62. Be4 Be3 63. Bd3 Kf6 64. Be4 Ke7 65. Bd3 Kd6 66. Be4
Kc5 0-1

[Event "Chess24 Banter Blitz Cup"]
[Site "chess24.com INT"]
[Date "2019.11.04"]
[Round "1.6"]
[White "Lagarde, Maxime"]
[Black "Henderson de La Fuente, Lance"]
[Result "1-0"]
[WhiteTitle "GM"]
[BlackTitle "IM"]
[WhiteElo "2657"]
[BlackElo "2494"]
[WhiteFideId "662399"]
[BlackFideId "32096585"]
[EventDate "2019.09.25"]
[EventType "blitz"]

1. Nf3 c5 2. g3 Nc6 3. Bg2 e5 4. O-O g6 5. d3 Bg7 6. c4 Nge7 7. Nc3 O-O 8. a3 d6
9. Rb1 a5 10. Ne1 Be6 11. Nc2 d5 12. cxd5 Nxd5 13. Ne3 Nde7 14. Nc4 Rb8 15. Be3
b6 16. Nb5 Nd4 17. Bxd4 exd4 18. b4 axb4 19. axb4 Nd5 20. bxc5 bxc5 21. Qc2 Nb4
22. Rxb4 cxb4 23. Nbd6 Qe7 24. Rb1 Rfd8 25. Ne4 Rdc8 26. Ned2 h5 27. Nb3 h4 28.
Bf3 h3 29. Rc1 Rc7 30. Nbd2 Ra7 31. Rb1 Ra3 32. Nxa3 Rc8 33. Nac4 Bf8 34. Qb3
Qf6 35. Ne4 Qf5 36. Ra1 Qb5 37. Qb2 Bxc4 38. dxc4 Qxc4 39. Rd1 Bg7 40. Nd6 Qc3
41. Qb1 Rd8 42. Nb7 Rd7 43. Rc1 Qd2 44. Nc5 Rc7 45. Rd1 Qc3 46. Nd3 b3 47. Rc1
Qa5 48. Rxc7 Qxc7 49. Qxb3 Kh7 50. Qd1 Qe7 51. Qf1 Qf6 52. Qxh3+ Kg8 53. Qf1 Qe7
54. Kg2 Qf8 55. h4 Qe7 56. h5 Qf6 57. hxg6 Qxg6 58. Qb1 Qf6 59. Qb8+ Kh7 60. Qf4
Qg6 61. Qe4 Kg8 62. Qxg6 fxg6 63. Bg4 Kh7 64. Kf3 Kh6 65. Ke4 Bf6 66. Nf4 Kg7
67. Nd5 Be7 68. Nxe7 g5 69. Kd3 Kf6 70. Nd5+ Ke5 71. Nb4 Kd6 72. Nc2 Kc5 73.
Nxd4 Kb4 74. Ne6 Kb3 75. Nxg5 Kb2 76. Ne4 Kc1 77. f4 Kd1 78. f5 Ke1 79. f6 Kf1
80. f7 Kg1 81. f8=Q Kh2 82. Qf2+ Kh1 83. Bf3# 1-0

[Event "Chess24 Banter Blitz Cup"]
[Site "chess24.com INT"]
[Date "2019.11.04"]
[Round "1.7"]
[White "Henderson de La Fuente, Lance"]
[Black "Lagarde, Maxime"]
[Result "0-1"]
[WhiteTitle "IM"]
[BlackTitle "GM"]
[WhiteElo "2494"]
[BlackElo "2657"]
[WhiteFideId "32096585"]
[BlackFideId "662399"]
[EventDate "2019.09.25"]
[EventType "blitz"]

1. e4 e6 2. d4 d5 3. Nd2 h6 4. Bd3 c5 5. dxc5 Bxc5 6. Ngf3 Nf6 7. O-O Nc6 8. Qe2
O-O 9. c3 Bb6 10. Re1 Ng4 11. Rf1 f5 12. exd5 exd5 13. Nb3 Nf6 14. Nbd4 Ne4 15.
Be3 Qf6 16. Nxc6 bxc6 17. Bd4 Qd6 18. b4 Bd7 19. Ne5 Rae8 20. Nxd7 Qxd7 21. Qc2
Qd6 22. a3 Bc7 23. g3 Bb6 24. Rae1 Ng5 25. Kg2 f4 26. f3 fxg3 27. Rxe8 Rxe8 28.
hxg3 Bc7 29. f4 Ne4 30. Re1 Qg6 31. Bxe4 dxe4 32. Qf2 h5 33. Rh1 e3 34. Qf3 e2
35. Re1 h4 36. Rxe2 Rxe2+ 37. Qxe2 Qxg3+ 38. Kf1 Qxf4+ 39. Ke1 Qg3+ 40. Kd1 Qg6
41. Qf3 Bd8 42. b5 Bg5 43. bxc6 Qb1+ 44. Ke2 Qc2+ 45. Kf1 Qc1+ 46. Kg2 Qc2+ 47.
Kh3 Bd8 48. Qd5+ Kh7 49. Qxd8 Qd2 50. Kxh4 Qh2+ 51. Kg4 Qg2+ 52. Kf4 Qxc6 53.
Ke5 Qb5+ 54. Ke6 Qe2+ 55. Kd7 Qh5 56. Qc7 Qg6 57. Kc8 Qg4+ 58. Kb7 Qf3+ 59. Qc6
Qf7+ 0-1

[Event "Chess24 Banter Blitz Cup"]
[Site "chess24.com INT"]
[Date "2019.11.04"]
[Round "1.8"]
[White "Lagarde, Maxime"]
[Black "Henderson de La Fuente, Lance"]
[Result "1-0"]
[WhiteTitle "GM"]
[BlackTitle "IM"]
[WhiteElo "2657"]
[BlackElo "2494"]
[WhiteFideId "662399"]
[BlackFideId "32096585"]
[EventDate "2019.09.25"]
[EventType "blitz"]

1. b3 g6 2. Bb2 Nf6 3. Nf3 Bg7 4. g3 O-O 5. Bg2 d6 6. d4 Nc6 7. d5 Nb8 8. O-O c6
9. dxc6 Nxc6 10. c4 Bd7 11. Nc3 a6 12. Qd2 Rb8 13. Nd5 Ne4 14. Qc1 Bxb2 15. Qxb2
b5 16. Rac1 e6 17. Nd2 exd5 18. cxd5 Nxd2 19. dxc6 Bxc6 20. Qxd2 Bxg2 21. Kxg2
Qe7 22. Qd3 Rfe8 23. e3 h5 24. h4 Rbd8 25. Rfd1 d5 26. Qd4 Rd6 27. Rc5 Red8 28.
Rdc1 Qe6 29. Rc7 R6d7 30. Rxd7 Qxd7 31. Rc5 Kh7 32. a4 Qe6 33. axb5 axb5 34.
Rxb5 Rd7 35. Rb6 Qf5 36. Rf6 Qe4+ 37. Qxe4 dxe4 38. Rb6 Rd2 39. b4 Rb2 40. Rb8
Kg7 41. b5 Rc2 42. b6 Rb2 43. b7 Kh7 44. Kf1 Kg7 45. Ke1 Kh7 46. Kd1 Kg7 47. Kc1
Rb6 48. Kc2 Rb5 49. Kc3 Rb6 50. Kc4 Rb1 51. Kd5 Rb4 52. Ke5 f5 53. Kf4 Rb2 54.
Ke5 Rb5+ 55. Kd6 Rb6+ 56. Kc7 1-0

[Event "Chess24 Banter Blitz Cup"]
[Site "chess24.com INT"]
[Date "2019.11.04"]
[Round "1.9"]
[White "Henderson de La Fuente, Lance"]
[Black "Lagarde, Maxime"]
[Result "0-1"]
[WhiteTitle "IM"]
[BlackTitle "GM"]
[WhiteElo "2494"]
[BlackElo "2657"]
[WhiteFideId "32096585"]
[BlackFideId "662399"]
[EventDate "2019.09.25"]
[EventType "blitz"]

1. e4 c5 2. Nf3 Nc6 3. d4 cxd4 4. Nxd4 Qb6 5. Nb3 Nf6 6. Nc3 e6 7. Qe2 Bb4 8.
Bd2 a5 9. a4 O-O 10. g4 d5 11. e5 Nxe5 12. f4 Nc4 13. O-O-O Nxd2 14. Qxd2 Ne4
15. Qd3 Bxc3 16. bxc3 Nf2 17. Qf3 Nxh1 18. Qxh1 Qe3+ 19. Kb2 Bd7 20. Bd3 Bxa4
21. Re1 Qxf4 22. Rf1 Qd6 23. g5 Bxb3 24. cxb3 a4 25. b4 a3+ 26. Ka2 Qe5 27. Qf3
g6 0-1

[Event "Chess24 Banter Blitz Cup"]
[Site "chess24.com INT"]
[Date "2019.11.04"]
[Round "1.10"]
[White "Lagarde, Maxime"]
[Black "Henderson de La Fuente, Lance"]
[Result "1/2-1/2"]
[WhiteTitle "GM"]
[BlackTitle "IM"]
[WhiteElo "2657"]
[BlackElo "2494"]
[WhiteFideId "662399"]
[BlackFideId "32096585"]
[EventDate "2019.09.25"]
[EventType "blitz"]

1. e4 c5 2. Nc3 e6 3. g3 d5 4. Bg2 Nf6 5. d3 dxe4 6. Nxe4 Be7 7. Ne2 O-O 8. O-O
Nc6 9. Be3 Nxe4 10. dxe4 Qc7 11. Nf4 Bf6 12. c3 b6 13. Nh5 Be7 14. e5 Bb7 15.
Bf4 g6 16. Nf6+ Bxf6 17. exf6 e5 18. Bh6 Rfd8 19. Qg4 Rd6 20. Qh4 Nd8 21. Bxb7
Qxb7 22. Rad1 Qd7 23. Rxd6 Qxd6 24. Qe4 Rc8 25. Re1 Qxf6 26. Qxe5 Qxe5 27. Rxe5
Ne6 28. Rd5 Rd8 29. Rxd8+ Nxd8 30. Bf4 Nc6 31. Kg2 f5 32. Kf3 Kf7 33. Ke3 Ke6
34. Kd3 b5 35. b3 a6 36. Bc7 Ne5+ 37. Bxe5 Kxe5 38. f4+ Kd5 39. c4+ bxc4+ 40.
bxc4+ Kd6 41. Kc3 Kc6 1/2-1/2

[Event "Chess24 Banter Blitz Cup"]
[Site "chess24.com INT"]
[Date "2019.11.04"]
[Round "1.11"]
[White "Henderson de La Fuente, Lance"]
[Black "Lagarde, Maxime"]
[Result "1-0"]
[WhiteTitle "IM"]
[BlackTitle "GM"]
[WhiteElo "2494"]
[BlackElo "2657"]
[WhiteFideId "32096585"]
[BlackFideId "662399"]
[EventDate "2019.09.25"]
[EventType "blitz"]

1. e4 c5 2. Nf3 Nc6 3. d4 cxd4 4. Nxd4 Nf6 5. Nc3 e5 6. Ndb5 d6 7. Nd5 Nxd5 8.
exd5 Nb8 9. a4 Be7 10. Be2 O-O 11. Bd2 Bf5 12. a5 Na6 13. O-O Nc5 14. Bb4 Na6
15. Ba3 Qd7 16. Qd2 Bg6 17. c4 f5 18. b4 f4 19. f3 e4 20. fxe4 Bf6 21. Rac1 Be5
22. c5 Bxe4 23. Nxd6 Bxd6 24. cxd6 Qxd6 25. Qd4 Rae8 26. Bb2 Qg6 27. Bf3 Bxf3
28. Rxf3 Re2 29. Rf2 Rxf2 30. Qxf2 Nxb4 31. Rc7 Qb1+ 32. Rc1 Qg6 33. Qd2 Nd3 34.
Rf1 Nxb2 35. Qxb2 f3 36. Rf2 Qe4 37. gxf3 Rxf3 38. Rxf3 Qxf3 39. Qxb7 Qd1+ 40.
Kf2 Qd2+ 41. Kf3 Qd3+ 42. Kf4 Qd4+ 43. Kf5 Qf6+ 44. Ke4 Qg6+ 45. Kd4 Qg1+ 46.
Kc4 Qc1+ 47. Kb5 h6 48. d6 Qb1+ 49. Kc6 Qe4+ 50. Kc7 Qc4+ 51. Kd8 Qd4 52. d7 Kf8
53. Kc8 Qg4 54. Qc7 Ke7 55. Qc5+ Kf7 56. Kc7 Qf4+ 57. Qd6 Qc4+ 58. Qc6 Qf4+ 59.
Kc8 Qf5 60. Kb8 Qe5+ 61. Qc7 Qb5+ 62. Ka8 Qd5+ 63. Kxa7 Qd4+ 64. Kb8 Ke7 65. Qb7
Qd6+ 66. Ka8 Qb4 67. Qxb4+ Kxd7 68. Qb6 Ke7 69. a6 Kf7 70. Kb7 1-0

[Event "Chess24 Banter Blitz Cup"]
[Site "chess24.com INT"]
[Date "2019.11.04"]
[Round "1.12"]
[White "Lagarde, Maxime"]
[Black "Henderson de La Fuente, Lance"]
[Result "1/2-1/2"]
[WhiteTitle "GM"]
[BlackTitle "IM"]
[WhiteElo "2657"]
[BlackElo "2494"]
[WhiteFideId "662399"]
[BlackFideId "32096585"]
[EventDate "2019.09.25"]
[EventType "blitz"]

1. c4 e5 2. Nc3 d6 3. g3 Be7 4. Bg2 f5 5. Nf3 Nf6 6. d4 e4 7. Nh4 Ng4 8. h3 Nf6
9. Bf1 O-O 10. Ng2 c6 11. d5 Nbd7 12. Nf4 Ne5 13. b3 g5 14. Ng2 h6 15. Bb2 Bd7
16. Qd2 a5 17. h4 Nfg4 18. hxg5 hxg5 19. Ne3 Nxe3 20. Qxe3 Bf6 21. Bg2 Ng4 22.
Qc1 Qb6 23. Nd1 Ne5 24. Bxe5 dxe5 25. Rh6 Qb4+ 26. Qd2 Qxd2+ 27. Kxd2 cxd5 28.
cxd5 Kg7 29. Rh1 Be7 30. a3 Rad8 31. Nc3 Be6 32. Kc2 Bxd5 33. Nxd5 Rxd5 34. Rad1
Rfd8 35. Rxd5 Rxd5 36. g4 Bxa3 37. gxf5 Rc5+ 38. Kb1 Rc3 39. Rh3 Rxh3 40. Bxh3
Kf6 41. Kc2 Bb4 42. f3 exf3 43. exf3 b6 44. Kd3 Bc5 45. Ke4 Bd4 46. Bf1 Ke7 47.
Bb5 Kd6 48. Bc4 Kc5 49. f6 Kb4 50. f7 Bc5 51. Kxe5 b5 52. Be6 a4 53. bxa4 bxa4
54. f4 gxf4 55. Kxf4 a3 56. Ke4 Kc3 57. Kf5 Bb4 1/2-1/2